1235 1155 1149 1608 1788 1980 1442 1569 1142 1317 1690 1518 2000 1839 1325 1179 1028 1285 1178 1362 1763 1862 1118 1098 1031 1498 1559 1623 1611 1257 1849 1497 1772 1055 1676 1916 1759 1643 1209 1137 1157 1962 1652 1275 1045 1199 1970 1772 1479 1692 1244 1593 1385 1881 1978 1836 1654 1852 1381 1569 1660 1320 1464 1371 1919 1097 1670 1165 1926 1650 1064 1038 1282 1023 1015 1090 1360 1305 1502 1767 1739 1583 1554 1464 1795 1384 1600 1577 1311 1547 1192 1002 1047 1377 1985 1970 1008 1132 1301 BCNSPRNW ULIB Ver.6.0+V

เปลี่ยนเป็นภาษาไทย

Change to English
 แสดงรายละเอียดบรรณานุกรม
  กลับหน้าหลัก

Brief Record : Get Marc (ISO 2709) : E-mail record : QR code < ปิดหน้าต่าง
LEADER : 00000nam 2200000uu 4500
001    13399126404
003     ULIB
008    180913s2018||||th 000 0 tha d
024 0  ^a9781260288117
041    ^aeng
060  0 ^aWY18.2^bG211F
100 0  ^aGanti, Latha
245 00 ^aFrst aid for the pediatrics clerkship/^cLatha Ganti,^cMatthew S. Kaufman,^cNeeraja Kairam,^cBrian M. Lurie &^cEthan S. Wiener
250    ^a4 th ed. (715 ฿)
260    ^aNew York :^bMcGraw-Hill Education,^c2018
300    ^a557 p.
650  0 ^aPediatrics
650  0 ^aClinical Clerkship
650  0 ^aStudy Guide Classification
700 0  ^aKaufman, Matthew S.
700 0  ^aKairam, Neeraja
700 0  ^aLurie, Brian M.
700 0  ^aWiener, Ethan S.
945    ^p607^l0^i004629
999    ^aประนอม เกษจรัล
รายการนี้ยังไม่มีแท็ก
คุณยังไม่ได้ล็อกอิน คุณสามารถมีกิจกรรมร่วมกับเว็บไซต์ได้ แต่ต้องล็อกอินก่อน ::
  ล็อกอิน

รายการสื่อสารสนเทศ

ลำดับที่ ประเภท เลขเรียก/บาร์โค้ด สถานที่ สถานะ
1. Book การพยาบาล
หนังสือสำรอง
สถานะ=หนังสือสำรอง
WY18.2 G211F ฉ.1 
  Barcode: 004629
ห้องสมุดวิทยาเขตสวรรค์ประชารักษ์
►หนังสือทั่วไป
บนชั้น

รายการใกล้เคียง
    ผู้แต่ง [Ganti, Latha]

    หัวเรื่อง [Pediatrics]
    หัวเรื่อง [Clinical Clerkship]
    หัวเรื่อง [Study Guide Classification]

BibComment


ยังไม่เคยถูกคอมเมนท์

คอมเมนท์ทรัพยากรรายการนี้
  คอมเมนท์: Frst aid for the..


 Copyright 2026. Bcnsprnw @Library